000
003040000a22001450004500
003
MACL
040
_a
MACL
090
_c
33784
_d
33782
100
_a
Madaan, Anil
245
_a
Internet
260
_b
Dreamland Publications
_c
1998
350
_a
180
650
_a
Computer science
942
_c
BOOK
_k
004/Gup
999
_c
33430
_d
33430